Normal view
MARC view
- تاليف البيضاوى، عبدالله بن عمر؛ دراسة وتحقيق وتعليق علي محي الدين على القره داغي
Entry Personal Name
001 - CONTROL NUMBER
- control field: 46700
003 - CONTROL NUMBER IDENTIFIER
- control field: JO-AjAnu
005 - DATE AND TIME OF LATEST TRANSACTION
- control field: 20230606081721.0
008 - FIXED-LENGTH DATA ELEMENTS
- fixed length control field: 230606|| aca||aabn | a|a d
040 ## - CATALOGING SOURCE
- Original cataloging agency: JO-AjAnu
- Transcribing agency: JO-AjAnu
100 ## - HEADING--PERSONAL NAME
- Personal name: تاليف البيضاوى، عبدالله بن عمر؛ دراسة وتحقيق وتعليق علي محي الدين على القره داغي
670 ## - SOURCE DATA FOUND
- Source citation: Work cat.: (JO-AjAnu)23904: تاليف البيضاوى، عبدالله بن عمر؛ دراسة وتحقيق وتعليق علي محي الدين على القره داغي, author, الغايه القصوى في دراية الفتوى، ج1